| 000 | 01683cad a22002535a 4500 | ||
|---|---|---|---|
| 001 | E144778 | ||
| 008 | 080730s2008 xxk f s000 0 eng d | ||
| 020 | _a9780755972791 | ||
| 035 | _a(Sirsi) u145778 | ||
| 041 | 0 | _aeng | |
| 050 | 0 | 4 | _a711.1 $2 18 |
| 110 | 2 |
_aScotland _bScottish Government _95344 |
|
| 245 | 0 | 0 |
_aScottish planning policy SPP 3 planning for homes _bstrategic environmental assessment, post adoption SEA statement _h[electronic resource] |
| 260 |
_aEdinburgh _bScottish Government _c2008 |
||
| 505 | 2 | _aIntroduction: availability of documents; key facts; structure of the SEA Statement -- Response to environmental issues raised in the SEA: environmental issues and impacts identified in the environmental report; how opinions expressed during the consultation have been taken into account -- Revised mitigation schedule -- Reasons for choosing SPP3 as adopted, in the light of other reasonable alternatives -- Monitoring -- Conclusion -- Appendix 1: predicted effects arising from the goal of 35 000 homes per annum | |
| 520 | _aSets out the ways in which SPP 3: Planning for homes (see E144582) was influenced by the Strategic Environmental Assessment which was carried out as part of the development process. Outlines the SEA process as a whole, and discusses future mitigation and environmental monitoring to be carried out. | ||
| 521 | _aIntroductory | ||
| 590 | _aKA | ||
| 650 | 2 | 4 | _aSPP3 |
| 651 | 4 |
_aScotland _y1999- |
|
| 690 | _aPROPERTY-RESIDENTIAL PROPERTY-DOMESTIC RESIDENTIAL PROPERTY-HOUSING | ||
| 856 | 4 | 0 |
_uhttps://www.scotland.gov.uk/Publications/2008/11/05155800/0 _zView the guidance free of charge at www.scotland.gov.uk... |
| 942 | _n0 | ||
| 999 |
_c108917 _d108917 |
||